Statistics for Colorado Cities Map Quiz

Click here to take the quiz!

General Stats

  • This quiz has been taken 576 times
    (261 since last reset)
  • The average score is 11 of 15

Answers on the Map

Answers color-coded by a green-red scale on the quiz's map according to % correct below.
 

Answer Stats

Answer% Correct
Denver
95%
Boulder
88%
Colorado Springs
86%
Fort Collins
85%
Grand Junction
84%
Pueblo
78%
Greeley
77%
Durango
76%
Aspen
73%
Steamboat Springs
66%
Alamosa
63%
Limon
60%
Lamar
58%
Craig
56%
Sterling
49%

Score Distribution

Percentile by Number Answered

Percent of People with Each Score

Your Score History

You have not taken this quiz since the last reset